| 000 | 00347nam a2200133Ia 4500 | ||
|---|---|---|---|
| 008 | 240624s9999 xx 000 0 und d | ||
| 041 | _aeng | ||
| 082 | _a332.6457 GUJ | ||
| 100 | _aGURAL ASHWANI | ||
| 245 | _aHOW TO MAKE MONEY TRADING DERIVATIVES AN | ||
| 260 |
_c2006 _aNew Delhi _bVision Books |
||
| 300 | _a248 : p. : cm. ; 22 | ||
| 365 |
_cRS _b35 |
||
| 999 |
_c7912 _d7912 |
||